[Event "Challenge"]
[Site "http://www.queenalice.com/game.php?id=717402"]
[Date "2010.1.20"]
[Round "-"]
[White "COPPERHEADS"]
[Black "rconley23"]
[Result "1-0"]
[WhiteElo "1155"]
[BlackElo "1036"]

1. e4 e5 2. Nf3 Nf6 3. Bc4 Nxe4 4. Qe2 Be7 5. Qxe4 d5 6. Bxd5 O-O 7. Bxb7 Nd7 8.
Bxa8 Nc5 9. Qxe5 Qd7 10. Nc3 Ne6 11. Bd5 a5 12. O-O Ba6 13. Ne2 a4 14. Nc3 c6
15. Be4 c5 16. Nxa4 Bb5 17. Nc3 Ba6 18. Nd5 Bd8 19. b3 c4 20. bxc4 Bxc4 21. Nb6
Bxb6 22. d3 Ba6 23. Ba3 Nc5 24. Bxc5 Qa7 25. Bxf8 Qa8 26. Bxg7 Bb7 27. Rab1 Bd8
28. Bxb7 Qxa2 29. Qb5 Kxg7 30. Qd5 Qa7 31. Qxd8 Qa4 32. Qg5+ Kf8 33. Rb6 Qxc2
34. h3 Qxd3 35. Qc5+ Kg8 36. Qc8+ Kg7 37. Rb5 Qxb5 38. Re1 Qb4 39. Re5 Qb1+ 40.
Kh2 Qc1 41. Qxc1 1-0

[Event "AUTO-BEG-379"]
[Site "http://www.queenalice.com/game.php?id=726741"]
[Date "2010.2.6"]
[Round "1"]
[White "jocapeme"]
[Black "COPPERHEADS"]
[Result "1-0"]
[WhiteElo "1201"]
[BlackElo "1155"]

1. e4 Nc6 2. Nf3 d6 3. Bc4 e6 4. d4 Nf6 5. Nc3 Be7 6. Bg5 Nh5 7. Qd2 h6 8. Be3
O-O 9. O-O a5 10. Nb5 a4 11. e5 dxe5 12. dxe5 Bd7 13. a3 b6 14. Rad1 Qb8 15.
Qxd7 Rd8 16. Qxc6 Ra7 17. Nxa7 Qxa7 18. Rd4 Re8 19. Qxe8+ Kh7 20. Qxe7 Nf6 21.
exf6 1-0

[Event "AUTO-BEG-379"]
[Site "http://www.queenalice.com/game.php?id=726742"]
[Date "2010.2.6"]
[Round "1"]
[White "COPPERHEADS"]
[Black "jocapeme"]
[Result "0-1"]
[WhiteElo "1155"]
[BlackElo "1226"]

1. Nf3 d5 2. d4 Nc6 3. Nc3 a6 4. g3 Bg4 5. h3 Bxf3 6. exf3 Nf6 7. Bd3 Nxd4 8.
Be3 Nc6 9. a4 e5 10. g4 Bd6 11. g5 Nh5 12. Nxd5 f6 13. gxf6 Nxf6 14. Nc3 Nd4 15.
f4 O-O 16. Bc4+ Kh8 17. Bd5 c6 18. Bc4 Re8 19. fxe5 Bxe5 20. h4 h5 21. Bf7 Rf8
22. Bc4 Ng4 23. Rg1 Qd7 24. f4 Nxe3 25. Qd2 Nf3+ 0-1

[Event "AUTO-BEG-379"]
[Site "http://www.queenalice.com/game.php?id=726757"]
[Date "2010.2.6"]
[Round "1"]
[White "Aliwood"]
[Black "COPPERHEADS"]
[Result "1-0"]
[WhiteElo "1091"]
[BlackElo "1155"]

1. e4 e6 2. d4 Nc6 3. Nf3 Bb4+ 4. c3 Nf6 5. Bd3 Bd6 6. e5 Nd5 7. exd6 cxd6 8.
O-O O-O 9. Qe2 a5 10. Nbd2 b6 11. Ne4 Ba6 12. Bxa6 Rb8 13. Bg5 Qe8 14. Nxd6 Ra8
15. Nxe8 Rfxe8 16. Bd3 f6 17. h4 fxg5 18. Nxg5 h6 19. Bh7+ Kf8 20. Qf3+ Ke7 21.
Qf7+ Kd6 22. Ne4+ 1-0

[Event "AUTO-BEG-379"]
[Site "http://www.queenalice.com/game.php?id=726758"]
[Date "2010.2.6"]
[Round "1"]
[White "COPPERHEADS"]
[Black "Aliwood"]
[Result "0-1"]
[WhiteElo "1170"]
[BlackElo "1071"]

1. Nf3 Nf6 2. e4 e5 3. Nxe5 d6 4. Nc4 Nxe4 5. Bd3 Nf6 6. g4 Nc6 7. Rg1 d5 8. Ne3
Be6 9. g5 Ne4 10. Be2 Bc5 11. Nc3 Nxg5 12. h4 Nh3 13. Rg4 Bxg4 14. Nexd5 Qxh4
15. Bxg4 Qxf2# 0-1

[Event "AUTO-BEG-382"]
[Site "http://www.queenalice.com/game.php?id=736965"]
[Date "2010.2.24"]
[Round "1"]
[White "COPPERHEADS"]
[Black "m_KP"]
[Result "0-1"]
[WhiteElo "1156"]
[BlackElo "1127"]

1. Nc3 d6 2. e3 c6 3. Bd3 Nf6 4. Nf3 h6 5. b3 g5 6. b4 Rg8 7. a4 Bd7 8. O-O d5
9. a5 g4 10. Nh4 Qc7 11. Qf3 gxf3 12. Nxf3 Bh3 13. Re1 Bxg2 14. Bf1 Bxf3+ 15.
Bg2 Rxg2+ 16. Kf1 Qxh2 17. Ne2 Qh1+ 0-1

[Event "AUTO-BEG-382"]
[Site "http://www.queenalice.com/game.php?id=736966"]
[Date "2010.2.24"]
[Round "1"]
[White "m_KP"]
[Black "COPPERHEADS"]
[Result "1-0"]
[WhiteElo "1132"]
[BlackElo "1139"]

1. e4 e5 2. d3 Bd6 3. c3 Ne7 4. f3 b6 5. Nh3 h5 6. Be3 O-O 7. Be2 a5 8. O-O Ba6
9. Bg5 f6 10. Qd2 fxg5 11. Nxg5 c5 12. g3 Nbc6 13. Kh1 a4 14. f4 exf4 15. gxf4
Ng6 16. f5 Nge5 17. Bxh5 Ne7 18. Rg1 Nf3 19. Nxf3 g6 20. f6 b5 21. Qg5 Rf7 22.
e5 Bb7 23. Nd2 Bc7 24. Raf1 Qf8 25. fxe7 Qe8 26. Qxg6+ 1-0

[Event "Challenge"]
[Site "http://www.queenalice.com/game.php?id=779194"]
[Date "2010.5.22"]
[Round "-"]
[White "COPPERHEADS"]
[Black "Natedawg"]
[Result "0-1"]
[WhiteElo "1123"]
[BlackElo "1026"]

1. Nf3 d5 2. g4 Nc6 3. Nc3 e5 4. b4 Be6 5. d3 a5 6. b5 Na7 7. Nxe5 Bd6 8. Nf3
Ne7 9. Qd2 c6 10. Bh3 h5 11. Rg1 hxg4 12. Nh4 Rxh4 13. Qg5 Rxh3 14. b6 Qxb6 15.
Rb1 Qd4 16. Qxg7 Qxg7 0-1